000 00689nam a2200217 i 4500
001 bg
100 1 _aŁAŃCUCKI, Jerzy
245 1 0 _aPodstawy finansów ubezpieczeń gospodarczych /
_cJerzy Łańcucki.
260 _aWarszawa :
_bWydaw. Naukowe PWN,
_c1996.
300 _a145, [1] s. ;
_c21 cm.
504 _aBibliogr. s. 145-[146].
650 9 _aUbezpieczenia gospodarcze
_xfinanse
_zPolska
020 _a8301121769
040 _cBPK
041 0 _apl
080 _a368:336.6](438)
920 _a83-01-12176-9
942 _cKS
008 s pl f |000 0 pol
856 _uhttp://koha.tu.koszalin.pl/cgi-bin/koha/opac-detail.pl?biblionumber=32709
_yKatalog online BPK
999 _c32709
_d32709